LEADER 01467nam a2200349 a 4500 001 000000163237 003 CaOOAMICUS 005 20180725095247.0 008 171009s2017 it u000 u ita r 020 $a978-88-9317-397-1* 032 $aLibriCat 040 $aPUL$bita 082 04$a348.45 110 1 $aItalia.$0(OLS)http://pul/name/1188 240 10$aCodice civile (2017).$0(OLS)http://pul/title/198393 245 10$aCodice civile e leggi complementari /$ca cura di Francesco Bartolini. 250 $a43a edizione. 260 $aPiacenza :$bLa Tribuna,$c©2017. 300 $a1816 p. ;$c19 cm. 490 1 $aI codici vigenti 2017 500 $aSulla coperta: Aggiornato con le nuove norme sulle assicurazioni (L. 4/8/2017, n. 124). 630 04$aCodice civile$zItalia.$0(OLS)http://pul/subject/33346 700 1 $aBartolini, Francesco,$d1942-$0(OLS)http://pul/name/35926 830 0$aCodici vigenti 2017.$0(OLS)http://pul/title/197720 850 $aPUL 852 $aPUL$W1$xDP2 Diritto e Scienze Sociali 3$y110$m348. 45 COD 3.1.99$j187290$qDDC 21$B190453$CPULBib$Z2$F190453 $H130117 $81 941 1 $a9 996 $6020$a978-88-9317-397-1*$9(OLS)http://pul/number/163190 996 $6082$a348.45$9(OLS)http://pul/classification/373 996 $6245$aCodice civile e leggi complementari$9(OLS)http://pul/title/104033 996 $6260$aPiacenza :$bLa Tribuna$9(OLS)http://pul/publisher/69734 LEADER 01728namaa2200397 i 4500 001 000000178115 003 CaOOAMICUS 005 20251007105949.0 007 tu 008 251007s2002 it 000 u ita r 020 $a88-384-6950-4* 040 $aPUL$bita$erda 082 0 $a282.092 100 1 $aTornielli, Andrea,$d1964-,$eautore.$0(OLS)http://pul/name/53320 245 10$aEscrivá fondatore dell'Opus Dei /$cAndrea Tornielli ; prefazione di Dionigi Tettamanzi. 264 4$c©2002. 264 1$aCasale Monferrato :$bPiemme,$c[2002] 300 $a190 pagine ;$c21 cm 336 $atesto$btxt$2rdacontent 337 $asenza mediazione$bn$2rdamedia 338 $avolume$bnc$2rdacarrier 504 $aBibliografia in nota a piè pagina. 600 04$aIosephmaría Escrivá de Balaguer,$cs.,$d1902-1975.$0(OLS)http://pul/subject/41642 700 1 $aTettamanzi, Dionigi,$ccardinale,$d1934-2017,$eautore di introduzione.$0(OLS)http://pul/name/30831 850 $aPUL 852 $aPUL$W1$xDP1 Fondo Liberati$y125$m2 E 2$j26715$qFondi$B207129$CPULBib$Z2$F207129 $HLib26 $82 941 1 $a1 960 $aJosemaría Escrivá de Balaguer, $cs.,$d1902-1975$941642 960 $aEscrivá de Balaguer, Josemaría,$cs.,$d1902-1975$941642 960 $aEscrivá, Josemari?a, $cs., $d1902-1975? $941642 996 $6020$a88-384-6950-4*$9(OLS)http://pul/number/170613 996 $6082$a282.092$9(OLS)http://pul/classification/402 996 $6245$aEscrivá fondatore dell'Opus Dei$9(OLS)http://pul/title/219675 996 $6264$aCasale Monferrato :$bPiemme$9(OLS)http://pul/publisher/51813 996 $6264$a[S.l.] :$b[s.n.]$9(OLS)http://pul/publisher/0